000 nam a22 7a 4500
999 _c127267
_d127267
008 171128b xxu||||| |||| 00| 0 eng d
050 _aBT98.F414 2017
100 _aFeser, Edward
_937745
245 _aFive proofs of the existence of God
_c/ Edward Feser
260 _aSan Francisco
_bIgnatius Press
_c2017
300 _a339p. ;
_c24cm.
600 _aThomas Aquinas SJ.
_937746
650 _aGod
_xProof
_9148
942 _2lcc
_cMONOGRAPH